Desarrollo de un modelo para estimar la carga con base en la energía eléctrica consumida

में बचाया:
ग्रंथसूची विवरण
मुख्य लेखक: Ortiz Oviedo, Eduardo Alonso
अन्य लेखक: Rodríguez Cubillo, Roberth Fernando
स्वरूप: पुस्तक
प्रकाशित: San José, Costa Rica 1992
विषय:
टैग: टैग जोड़ें
कोई टैग नहीं, इस रिकॉर्ड को टैग करने वाले पहले व्यक्ति बनें!

MARC

LEADER 00000nam a2200000Ia 4500
003 005491
005 20221231144322.0
008 140114s1992 cr a m 000 ||s d
040 |c cru CEDI 
090 |a TFG 2623 
100 |a Ortiz Oviedo, Eduardo Alonso  |9 8726 
245 |a Desarrollo de un modelo para estimar la carga con base en la energía eléctrica consumida 
260 |c 1992  |a San José, Costa Rica 
300 |a  viii 43 hojas ; 28 cm  
500 |a  Proyecto de graduacion (bachillerato en ingenieria electrica)--Universidad de Costa Rica. Facultad de Ingenieria. Escuela de Ingenieria Electrica 
650 |x TRANSFORMADORES ELECTRICOS   |x DENSIDAD ELECTRICA  |9 12399 
700 |9 12398  |a Rodríguez Cubillo, Roberth Fernando 
942 |c TFG  |2 ddc 
999 |c 20082  |d 20082